000
00334nam a2200145Ia 4500
008
221030s9999 xx 000 0 und d
041
_a
English
082
_a
105.23
_b
Vij
100
_a
U. S. Vijaywargiya
245
0
_a
Applied Mechanics
260
_b
G. K. Pub
_a
New Delhi
_c
0
300
_a
8.18
650
_a
Mechanical
942
_c
BK
999
_c
2278
_d
2278